Effect of pyrantel and albendazole on toxocara vitulorum in cattle and buffalo cal ves at boribor district, kamponga chhnang province, ប្រសិទ្ធភាព PYRANTEL និង ALBENDAZOLE ក្នុងការទំលាក់បរាសិត TOXOCARA VITULORUM លើកូនគោ និងកូនក្របីក្នុងស្រុកបរិបូណ៍ ខេត្តកំពង់ឆ្នាំង. (Record no. 2531)

000 -LEADER
fixed length control field 00801nam a22001577a 4500
003 - CONTROL NUMBER IDENTIFIER
control field OSt
005 - DATE AND TIME OF LATEST TRANSACTION
control field 20151022170718.0
008 - FIXED-LENGTH DATA ELEMENTS--GENERAL INFORMATION
fixed length control field 151022b xxu||||| |||| 00| 0 eng d
040 ## - CATALOGING SOURCE
Transcribing agency RUA
082 ## - DEWEY DECIMAL CLASSIFICATION NUMBER
Classification number AVM CHE 2011 B100 Or.1
100 ## - MAIN ENTRY--PERSONAL NAME
9 (RLIN) 2706
Personal name CHEA, RORTANA.
245 ## - TITLE STATEMENT
Title Effect of pyrantel and albendazole on toxocara vitulorum in cattle and buffalo cal ves at boribor district, kamponga chhnang province, ប្រសិទ្ធភាព PYRANTEL និង ALBENDAZOLE ក្នុងការទំលាក់បរាសិត TOXOCARA VITULORUM លើកូនគោ និងកូនក្របីក្នុងស្រុកបរិបូណ៍ ខេត្តកំពង់ឆ្នាំង.
260 ## - PUBLICATION, DISTRIBUTION, ETC. (IMPRINT)
Place of publication, distribution, etc. phnom phen
Name of publisher, distributor, etc. RUA
Date of publication, distribution, etc. 2011
300 ## - PHYSICAL DESCRIPTION
Extent XII,45p.
Other physical details ill.
Dimensions 29cm.
942 ## - ADDED ENTRY ELEMENTS (KOHA)
Source of classification or shelving scheme
Koha item type AVM
Holdings
Price effective from Date last seen Permanent Location Not for loan Date acquired Source of classification or shelving scheme Koha item type Lost status Withdrawn status Date last checked out Total Checkouts Shelving location Damaged status Barcode Current Location Full call number
2015-10-222018-12-18Library Block B 2015-10-22 AVM  2018-08-047B100 RUA016523Library Block BAVM CHE 2011 B100 Or.1
2015-10-222015-10-22Library Block B 2015-10-22 AVM    B100 RUA016668Library Block BAVM CHE 2011 B100 Or.2
2015-10-222016-06-09Library Block B 2015-10-22 AVM  2016-05-261B100 RUA009098Library Block BAVM CHE 2011 B100 Or.3
2015-10-222016-04-04Library Block B 2015-10-22 AVM  2016-03-172B100 RUA015131Library Block BAVM CHE 2011 B100 Or.4
2015-10-222015-10-22Library Block B 2015-10-22 AVM    B100 RUA018737Library Block BAVM CHE 2011 B100 Or.5
2016-02-042016-02-04Library Block B 2016-02-04 AVM    B100 RUA052058Library Block BAVM CHE 2011 B100 Or.6
មជ្ឈមណ្ឌលឯការនៃសាកលវិទ្យាល័យភូមិន្ទកសិកម្មចំការដូង

Powered by Koha